Sports Quiz

Random Sports Quiz

Great Pitching Rotations Quiz Stats

Quiz not verified by Sporcle

Challenge
Share
Tweet
Embed
Score 0/101 Timer 10:00
0 Plays Today
Year/Team Picher % Correct
1993 BravesGreg Maddux
97%
1998 BravesGreg Maddux
97%
2002 BravesGreg Maddux
97%
1993 BravesTom Glavine
96.2%
1993 BravesJohn Smoltz
96.2%
1998 BravesTom Glavine
96.2%
1998 BravesJohn Smoltz
96.2%
2002 BravesTom Glavine
96.2%
1966 DodgersSandy Koufax
92.4%
1986 MetsDoc Gooden
90.2%
1988 MetsDoc Gooden
90.2%
1971 OriolesJim Palmer
88.6%
1969 MetsTom Seaver
88.6%
1969 OriolesJim Palmer
88.6%
1963 YankeesWhitey Ford
88.6%
1966 DodgersDon Drysdale
87.9%
2003 A'sBarry Zito
86.4%
1968 CardinalsBob Gibson
85.6%
2003 A'sTim Hudson
83.3%
1972 A'sCatfish Hunter
81.8%
1973 A'sCatfish Hunter
81.8%
1954 IndiansBob Feller
80.3%
1972 A'sVida Blue
78.8%
1973 A'sVida Blue
78.8%
2003 A'sMark Mulder
77.3%
1954 BravesWarren Spahn
72.7%
1988 MetsDavid Cone
71.2%
1993 BravesSteve Avery
69.7%
1971 OriolesMike Cuellar
68.2%
1929 A'sLefty Grove
68.2%
1969 OriolesMike Cuellar
68.2%
1986 MetsSid Fernandez
67.4%
1988 MetsSid Fernandez
67.4%
1986 MetsRon Darling
66.7%
Year/Team Picher % Correct
1988 MetsRon Darling
66.7%
1971 OriolesDave McNally
65.2%
1969 MetsJerry Koosman
65.2%
1969 OriolesDave McNally
65.2%
1954 IndiansBob Lemon
62.9%
1998 BravesKevin Millwood
62.1%
2002 BravesKevin Millwood
62.1%
1966 DodgersDon Sutton
57.6%
1954 IndiansEarly Wynn
55.3%
1954 GiantsRuben Gomez
53%
1986 MetsBob Ojeda
53%
1988 MetsBob Ojeda
53%
1951 YankeesAllie Reynolds
52.3%
1971 OriolesPat Dobson
50.8%
1968 CardinalsSteve Carlton
50%
1972 A'sKen Holtzman
49.2%
1973 A'sKen Holtzman
49.2%
1927 YankeesWaite Hoyt
48.5%
1972 A'sBlue Moon Odom
48.5%
1973 A'sBlue Moon Odom
48.5%
1920 White SoxEddie Cicotte
46.2%
1998 BravesDenny Neagle
42.4%
1966 DodgersClaude Osteen
41.7%
1954 IndiansMike Garcia
40.9%
1920 White SoxLefty Williams
38.6%
1951 YankeesVic Raschi
38.6%
1963 YankeesStan Williams
38.6%
1954 BravesLew Burdette
37.9%
1963 YankeesJim Bouton
37.1%
1969 MetsGary Gentry
36.4%
1963 YankeesRalph Terry
35.6%
1927 YankeesHerb Pennock
34.1%
1954 GiantsSal Maglie
30.3%
1963 YankeesAl Downing
30.3%
Year/Team Picher % Correct
1954 GiantsJohnny Antonelli
29.5%
1986 MetsRick Aguilera
28%
1951 YankeesEddie Lopat
26.5%
1964 White SoxJoe Horlen
25.8%
1920 White SoxRed Faber
24.2%
1964 White SoxGary Peters
23.5%
1927 YankeesUrban Shocker
19.7%
1968 CardinalsNelson Briles
18.9%
1969 MetsJim McAndrew
18.2%
1929 A'sGeorge Earnshaw
16.7%
1969 OriolesTom Phoebus
16.7%
2003 A'sTed Lilly
16.7%
1954 BravesJim Wilson
15.9%
1920 White SoxDickey Kerr
15.9%
1968 CardinalsRay Washburn
15.2%
1964 White SoxJuan Pizzaro
12.9%
2002 BravesDamian Moss
12.9%
1954 IndiansArt Houtteman
11.4%
1969 MetsDon Cardwell
9.8%
1969 OriolesJim Hardin
9.1%
1927 YankeesGeorge Pipgras
7.6%
1972 A'sDave Hamilton
6.8%
1973 A'sDave Hamilton
6.8%
1951 YankeesTom Morgan
6.8%
1964 White SoxJohn Buzhardt
5.3%
1929 A'sJack Quinn
5.3%
1927 YankeesDutch Ruether
4.5%
1954 BravesChet Nichols
4.5%
1968 CardinalsLarry Jaster
4.5%
1954 GiantsDon Liddle
3.8%
1954 BravesGene Conley
3.8%
1954 GiantsJim Heam
1.5%
1929 A'sRube Waberg
0.8%

You're not logged in!

Compare scores with friends on all Sporcle quizzes.
Sign Up with Email
OR
Log In

You Might Also Like...

Show Comments

Extras

Top Quizzes Today


Score Distribution

Your Account Isn't Verified!

In order to create a playlist on Sporcle, you need to verify the email address you used during registration. Go to your Sporcle Settings to finish the process.